| 000 | 00449nam a2200169Ia 4500 | ||
|---|---|---|---|
| 005 | 20250423101653.0 | ||
| 008 | 250422s9999 xx 000 0 und d | ||
| 020 | _a0871974541 | ||
| 050 | _aAG 5 .V62/ | ||
| 245 | 0 | _aVolume library 3 : a modern, authoritative reference for home and school use | |
| 260 | _aNashville | ||
| 260 | _bSouthWestern | ||
| 260 | _c1999 | ||
| 300 | _a799 p | ||
| 650 | _aEncyclopedias and dictionaries. | ||
| 942 | _cBK | ||
| 999 |
_c36936 _d36936 |
||